000
003250000a22001570004500
003
MACL
040
_a
MACL
090
_c
46342
_d
46340
100
_a
Rajan, T T Ranga
245
_a
Unposted Letters
260
_b
Frozen
_c
2011
350
_a
350
650
_a
Generalities
942
_c
BOOK
_k
080/RAJ
951
_o
080/RAJ BOOK
999
_c
45857
_d
45857